Úskalí projektů CRM

Systémy CRM (Consumer relationship management) ako najrýchlejšie sa šíriaci manažérsky nástroj. Objasnenie základných kľúčových pojmov. Štyri základné úskalia CRM. Stratégia úspech CRM.

Guardado en:
Detalles Bibliográficos
Formato: Capítulo de libro
Lenguaje:checo
Materias:
Etiquetas: Agregar Etiqueta
Sin Etiquetas, Sea el primero en etiquetar este registro!

MARC

LEADER 00000naa a2200000 4500
001 r045648
005 20231002103911.1
041 0 |a cze 
044 |a CZ 
245 1 0 |a Úskalí projektů CRM 
520 |a Systémy CRM (Consumer relationship management) ako najrýchlejšie sa šíriaci manažérsky nástroj. Objasnenie základných kľúčových pojmov. Štyri základné úskalia CRM. Stratégia úspech CRM. 
610 2 0 |a stratégia obchodná 
610 2 0 |a systém CRM 
610 2 0 |a stratégia marketingová 
610 2 0 |a zákazníci 
610 2 0 |a znižovanie nákladov 
610 2 0 |a technológie informačné 
610 2 0 |a manažéri